LIBRARY & INFORMATION CENTRE, KCAET, TAVANUR

ONLINE PUBLIC ACCESS CATALOGUE (OPAC)

ജാനുവമ്മ പറഞ്ഞ കഥകൾ (Record no. 14189)

MARC details
000 -LEADER
fixed length control field 00458nam a22001577a 4500
020 ## - INTERNATIONAL STANDARD BOOK NUMBER
ISBN 8122605907
020 ## - INTERNATIONAL STANDARD BOOK NUMBER
ISBN 9788122605907
082 ## - DEWEY DECIMAL CLASSIFICATION NUMBER
Classification number 894.812301
Item number MAD/JA
100 ## - MAIN ENTRY--AUTHOR NAME
Personal name മാധവികുട്ടി
245 ## - TITLE STATEMENT
Title ജാനുവമ്മ പറഞ്ഞ കഥകൾ
260 ## - PUBLICATION, DISTRIBUTION, ETC. (IMPRINT)
Place of publication Thrissur
Name of publisher Current Books
Year of publication 2006
650 ## - SUBJECT ADDED ENTRY--TOPICAL TERM
Topical Term Januvamma Paranja kathakal
700 ## - ADDED ENTRY--PERSONAL NAME
Personal name Madhavikutty
700 ## - ADDED ENTRY--PERSONAL NAME
Personal name Kamala Surayya
942 ## - ADDED ENTRY ELEMENTS (KOHA)
Koha item type Books
Holdings
Withdrawn status Lost status Damaged status Collection code Home library Current library Shelving location Date acquired Cost, normal purchase price Full call number Accession Number Koha item type
      Fiction KAUAET KAUAET Fiction 16/07/2015 65.00 894.812301 MAD/JA 21558 Books
free website counter